El enfoque sistémico en la terapia familiar y su aplicación en los contextos escolares (Record no. 110570)

MARC details
000 -CABECERA
campo de control de longitud fija 00602nab a2200193 a 4500
005 - FECHA Y HORA DE LA ÚLTIMA TRANSACCIÓN
campo de control 20210219155109.0
008 - ELEMENTOS DE LONGITUD FIJA--INFORMACIÓN GENERAL
campo de control de longitud fija 991125s1985 mx 000 0 spa u
035 ## - NÚMERO DE CONTROL DEL SISTEMA
Número de control de sistema UPN01000138422
100 1# - ASIENTO PRINCIPAL--NOMBRE PERSONAL
Nombre de persona González García, Clara
222 ## - TÍTULO CLAVE
Título clave REVISTA MEXICANA DE PEDAGOGIA
245 ## - MENCIÓN DE TÍTULO
Título El enfoque sistémico en la terapia familiar y su aplicación en los contextos escolares
300 ## - DESCRIPCIÓN FÍSICA
Extensión 27-30
362 0# - FECHAS DE PUBLICACIÓN Y/O DESIGNACIÓN SECUENCIAL
Fecha de publicación y/o designación secuencial 2004 Año 15, no. 78, jul.-ago.
653 0# - TERMINO DE INDIZACION - NO CONTROLADO
Término no controlado TERAPIA FAMILIAR
653 0# - TERMINO DE INDIZACION - NO CONTROLADO
Término no controlado PSICOLOGIA DEL NIÑO
653 0# - TERMINO DE INDIZACION - NO CONTROLADO
Término no controlado ESCUELA
700 0# - ASIENTO SECUNDARIO--NOMBRE DE PERSONAL
Nombre de persona González García, Silvia,
Término indicativo de función/relación coaut.
905 ## - TIPO DE MATERIAL
Tipo de material Articulo

No items available.